00390 2200145 4500245008400000020001800084250001100102100001900113650004100132005001900173260001900192041001400211084001000225336000900235 aDetik-Detik Ujian Nasional Bahasa Indonesia untuk SMK/MAKcIntan PariwarahText a979-28-1196-4 aCet. 1 aIntan Pariwara aSoal Ujian Nasional Bahasa Indonesia a20250123144300 bIntan Pariwara aIndonesia a371.3 atext